| 000 | 00288 a2200121 4500 | ||
|---|---|---|---|
| 999 |
_c322016 _d322016 |
||
| 001 | 86943 | ||
| 003 | NUST | ||
| 005 | 20180124095329.0 | ||
| 008 | 180124b xxu||||| |||| 00| 0 eng d | ||
| 082 | _a372.37 AHQ | ||
| 100 |
_aAHQ _99649 |
||
| 245 |
_aA Guide to a Healthy Diet _hEnglish |
||
| 260 |
_aIslamabad _bAHQ, Support Branch _c2013 |
||
| 300 | _a31p. | ||
| 942 |
_aCAE NUST _cBK _k372.37 AHQ _2ddc |
||